| 000 -LEADER |
| fixed length control field |
00755pam a2200217 a 4500 |
| 020 ## - INTERNATIONAL STANDARD BOOK NUMBER |
| ISBN |
0521578213 (pb : student's book) |
| 020 ## - INTERNATIONAL STANDARD BOOK NUMBER |
| ISBN |
0521578191 (cassettes) |
| 020 ## - INTERNATIONAL STANDARD BOOK NUMBER |
| ISBN |
0521578205 (pb : teacher's manual) |
| 040 ## - CATALOGING SOURCE |
| Transcribing agency |
DLC |
| 082 00 - DEWEY DECIMAL CLASSIFICATION NUMBER |
| Classification number |
428 CAM 1999 A023 Or. |
| 100 1# - MAIN ENTRY--AUTHOR NAME |
| Personal name |
Espeseth, Miriam. |
| 245 10 - TITLE STATEMENT |
| Title |
Academic listening encounters : |
| Remainder of title |
listening, note-taking, and discussion : content focus, human behavior / |
| 260 ## - PUBLICATION, DISTRIBUTION, ETC. (IMPRINT) |
| Place of publication |
Cambridge [England] ; |
| -- |
New York : |
| Name of publisher |
Cambridge University Press, |
| Year of publication |
1999. |
| 300 ## - PHYSICAL DESCRIPTION |
| Number of Pages |
xxiv, 146 p. : |
| Other physical details |
ill. ; |
| Dimensions |
26 cm. |
| 500 ## - GENERAL NOTE |
| General note |
Includes index. |
| 650 #0 - SUBJECT ADDED ENTRY--TOPICAL TERM |
| Topical Term |
English language |
| 650 #0 - SUBJECT ADDED ENTRY--TOPICAL TERM |
| Topical Term |
Study skills |
| 650 #0 - SUBJECT ADDED ENTRY--TOPICAL TERM |
| Topical Term |
Listening |
| 856 42 - ELECTRONIC LOCATION AND ACCESS |
| Uniform Resource Identifier |
http://www.loc.gov/catdir/description/cam029/98021469.html |
| 942 ## - ADDED ENTRY ELEMENTS (KOHA) |
| Koha item type |
សៀវភៅភាសាអង់គ្លេស |
| 952 ## - LOCATION AND ITEM INFORMATION (KOHA) |
| Withdrawn status [LOCAL, KOHA] |
0 |